Nonlinear control of electromechanical objects with variable parameters; Russian electrical engineering; Vol. 69, № 10

Bibliographische Detailangaben
Parent link:Russian electrical engineering: journal.— , 1998
Vol. 69, № 10.— 1998.— P. 1-7
1. Verfasser: Afanas'ev V. N.
Weitere Verfasser: Bukreev V. G. Viktor Grigorievich, Paraev Yu. I.
Zusammenfassung:Nonlinear control of an electromechanical object (EMO) with pulsewidth modulation of the supply voltage to the actuating drive is considered. The use of a nonlinear regulator permits more effective solution of EMO control problems such as maximizing the dynamic accuracy of control and minimizing the losses. The adaptive properties of the nonlinear regulator are established.
Sprache:Englisch
Veröffentlicht: 1998
Schlagworte:
Format: MixedMaterials Buchkapitel
KOHA link:https://koha.lib.tpu.ru/cgi-bin/koha/opac-detail.pl?biblionumber=602424

MARC

LEADER 00000naa0a2200000 4500
001 602424
005 20250909174352.0
035 |a (RuTPU)RU\TPU\tpu\28229 
090 |a 602424 
100 |a 20160219d1998 k||y0rusy50 ba 
101 0 |a eng 
102 |a US 
200 1 |a Nonlinear control of electromechanical objects with variable parameters  |f V. N. Afanas'ev, V. G. Bukreev, Yu. I. Paraev 
320 |a References: 6 tit. 
330 |a Nonlinear control of an electromechanical object (EMO) with pulsewidth modulation of the supply voltage to the actuating drive is considered. The use of a nonlinear regulator permits more effective solution of EMO control problems such as maximizing the dynamic accuracy of control and minimizing the losses. The adaptive properties of the nonlinear regulator are established. 
461 1 |t Russian electrical engineering  |o journal  |d 1998 
463 1 |t Vol. 69, № 10  |v P. 1-7  |d 1998 
610 1 |a труды учёных ТПУ 
700 1 |a Afanas'ev  |b V. N. 
701 1 |a Bukreev  |b V. G.  |c Specialist in the field of electrical engineering  |c Professor of Tomsk Polytechnic University, Doctor of technical sciences  |f 1952-  |g Viktor Grigorievich  |3 (RuTPU)RU\TPU\pers\34177  |9 17711 
701 1 |a Paraev  |b Yu. I. 
801 1 |a RU  |b 63413507  |c 20160219 
942 |c BK